| 000 | 01396nam2a2200265 4500 | ||
|---|---|---|---|
| 001 | RU\NLR\BIBL_A\011556344 | ||
| 005 | 20250626092336.0 | ||
| 035 | _a(NLR Aleph) 011556344 | ||
| 090 |
_a12262119 _c12262119 |
||
| 100 | _a20171212d2017 |||y0rusy50 ca | ||
| 101 | 0 | _arus | |
| 102 | _aRU | ||
| 200 | 1 |
_aОфтальмология _dOphthalmology _zeng |
|
| 210 |
_d2017 _aБ. м. |
||
| 461 | 0 |
_1001RU\NLR\Per\627980 _12001#$aПрактическая медицина$dPractical medicine$eнаучно-практический рецензируемый медицинский журнал$eжурнал для практикующих врачей$zeng$v2017, № 9 (110), т. 2 _93252231 _cКазань _d2009 - _lPractical medicine _nПрактика _oнаучно-практический рецензируемый медицинский журнал : журнал для практикующих врачей _tПрактическая медицина _x2072-1757 _v2017, № 9 (110), т. 2 |
|
| 510 | 1 |
_aOphthalmology _zeng |
|
| 600 | 1 |
_aФедоров _bС.Н. _f1927 - 2000 _gСвятослав Николаевич _91838219 _3RU\NLR\AUTH\66831860 |
|
| 606 | 1 |
_aОфтальмология _jСборники _9902679 _3RU\NLR\AUTH\668393 |
|
| 686 | 1 | _aР.г(2)7д Фёдоров | |
| 686 | 1 | _aР67я43 | |
| 852 |
_aNLR _jП17/1387 |
||
| 942 | _cISSUE | ||
| 980 | _aNB | ||
| 980 | _aRUSPER | ||